Griechisch-deutsches Schulwörterbuch /

Hlavní autor: Menge, Hermann, 1841-1939
Jazyk: Němčina
Vydáno: Berlin-Schöneberg : Langenscheidt, 1906
Fyzický popis: xi, 635 s.
Knihy
Uloženo v:
LEADER 00733nam a22002172a 4500
001 000588649
003 CZ BrMZK
005 20020409073635.0
007 ta
008 020227s1906 gw f ger d
040 |a BOA001  |b cze  |c BOA001 
041 0 |a ger  |h gre 
100 1 |a Menge, Hermann,  |d 1841-1939  |7 mzk2009496048  |4 aut 
245 1 0 |a Griechisch-deutsches Schulwörterbuch /  |c Hermann Menge 
260 |a Berlin-Schöneberg :  |b Langenscheidt,  |c 1906 
300 |a xi, 635 s. 
910 |a BOA001  |b 3-0062.732 
990 |a BK 
993 |a Y 
996 6 |b 2619708964  |c 3-0062.732  |l MZK  |r Sklad / do 1 hodiny  |n 2  |w 000588649  |u 000010  |a 1  |e BOA001  |j MZK50  |s P 
996 6 |b BC-21568  |c 3-0062.732  |l MZK  |r Sklad / do 1 hodiny  |n 0  |w 000588649  |u 000020  |a 1  |e BOA001  |j MZK50  |s P